O nutnosti zohľadnenia pravdepodobnosti a štatistických metód pri odhade a zisťovaní vedomostí študentov a osvojenia si študijného materiálu pomocou testov
Príspevok poukazuje na nutnosť zohľadnenia pravdepodobností a štatistických metód pri odhade a zisťovaní vedomostí študentov pomocou testov. Táto požiadavka vystupuje v oveľa naliehavejšej rovine pri automatizovanej elektronickej forme testovania. Niektoré možné chybné prístupy počas skúšania a over...
Enregistré dans:
| Auteur principal: | |
|---|---|
| Format: | Chapitre de livre |
| Langue: | slovaque |
| Sujets: | |
| Tags: |
Pas de tags, Soyez le premier à ajouter un tag!
|
MARC
| LEADER | 00000nla a2200000 4500 | ||
|---|---|---|---|
| 001 | 0204289 | ||
| 005 | 20240502073417.6 | ||
| 041 | 0 | |a slo | |
| 044 | |a SK | ||
| 245 | 1 | 0 | |a O nutnosti zohľadnenia pravdepodobnosti a štatistických metód pri odhade a zisťovaní vedomostí študentov a osvojenia si študijného materiálu pomocou testov |c Ľubomír Turňa |
| 520 | |a Príspevok poukazuje na nutnosť zohľadnenia pravdepodobností a štatistických metód pri odhade a zisťovaní vedomostí študentov pomocou testov. Táto požiadavka vystupuje v oveľa naliehavejšej rovine pri automatizovanej elektronickej forme testovania. Niektoré možné chybné prístupy počas skúšania a overovania vedomostí. Autor sa snaží nájsť vhodné, transparentné, ľahko pochopiteľné a hlavne presvedčivé ilustrácie, súvisiace s nemalými problémami pri testovaní študentov. | ||
| 610 | 2 | 0 | |a študenti |
| 610 | 2 | 0 | |a vedomosti |
| 610 | 2 | 0 | |a testy |
| 610 | 2 | 0 | |a pravdepodobnosť |
| 610 | 2 | 0 | |a štatistika |
| 610 | 2 | 0 | |a vzdelávanie elektronické |
| 100 | 1 | |a Turňa, Ľubomír | |